U.S States With the Letter I - Statistics

General Stats
  • This quiz has been taken 209 times
  • The average score is 25 of 28
Answer Stats
U.S States % Correct
Idaho
97%
Illinois
96%
Florida
93%
Iowa
93%
Washington
93%
Arizona
91%
California
91%
Indiana
91%
Mississippi
91%
North Carolina
91%
Ohio
91%
South Carolina
91%
New Mexico
90%
Virginia
90%
Hawaii
89%
West Virginia
89%
Maine
88%
Wisconsin
88%
Louisiana
87%
Minnesota
87%
Missouri
87%
Pennsylvania
87%
Wyoming
87%
Rhode Island
86%
Georgia
85%
Connecticut
84%
Michigan
84%
New Hampshire
84%
No matching quizzes found
Score Distribution
Percent of People with Each Score
Percentile by Number Answered
Your Score History
You have not taken this quiz